| 000 | 00593nam a22001577a 4500 | ||
|---|---|---|---|
| 008 | 250619t |||a|||| |||| 00| 0 spa d | ||
| 020 | _a9789585368606 | ||
| 040 |
_aCO-JMCR _bspa _cCO-JMCR _dCO-JMCR _erda |
||
| 041 | 0 | _aspa | |
| 082 | 0 | 4 |
_a711.986 _bS94c |
| 100 | 1 |
_aÚsuga Soler, María Cristina, _944176 |
|
| 245 | 1 | 0 |
_aCiudad de historias y arreboles : _bBucaramanga 400 años / _cMaría Cristina Úsuga Soler ; presentación por Hernán Porras Díaz. |
| 260 |
_aBucaramanga : _bUniversidad Industrial de Santander, _c©2021. |
||
| 300 |
_a303 páginas : _bIlustraciones ; _c32 cm. |
||
| 999 |
_c31012 _d17396 |
||